Arvind word power English-Hinfdi (Record no. 105779)

MARC details
000 -LEADER
fixed length control field 00595nam a22001937a 4500
005 - DATE AND TIME OF LATEST TRANSACTION
control field 20170105165215.0
010 ## - LCCN (DPL NO)
LC control number ENG-117016
020 ## - INTERNATIONAL STANDARD BOOK NUMBER
International Standard Book Number 8192496627
Terms of availability 595.00
020 ## - INTERNATIONAL STANDARD BOOK NUMBER
International Standard Book Number 9788192496627
Terms of availability 595.00
035 ## - SYSTEM CONTROL NUMBER
System control number EN-100548
037 ## - SOURCE OF ACQUISITION
Source of stock number/acquisition DBAD/PUB
082 ## - DEWEY DECIMAL CLASSIFICATION NUMBER
Classification number 423
100 ## - MAIN ENTRY--PERSONAL NAME
Personal name Arvind Kumar
245 ## - TITLE STATEMENT
Title Arvind word power English-Hinfdi
Remainder of title a dictionary with differences /
Statement of responsibility, etc by Arvind Kumar
260 ## - PUBLICATION, DISTRIBUTION, ETC. (IMPRINT)
Place of publication, distribution, etc New Delhi
Name of publisher, distributor, etc Arvind linguistics
Date of publication, distribution, etc 2015
270 ## - ADDRESS
Address E-28,First Floor, Kalindi Colony
City New Delhi
Postal code 110065
300 ## - PHYSICAL DESCRIPTION
Extent 1350p.
Dimensions 23cm(pbk)
942 ## - ADDED ENTRY ELEMENTS (KOHA)
Source of classification or shelving scheme Dewey Decimal Classification
Item type English Books
Classification part 423
Call number suffix ARV
Holdings
Withdrawn status Lost status Not for loan Collection code Home library Current library Date acquired Source of acquisition Cost, normal purchase price Full call number Barcode Copy number Cost, replacement price Koha item type
    Not For Loan Non-fiction D.B.Act.Division D.B.Act.Division 05/01/2017 DBAD/PUB 595.00 423 ARV EN-100548 1 595.00 English Books

© Delhi Public Library
Hit Counter
free hit counter